000 01422nam a22005050a 4500
001 PT53102
003 AR-LpoUNG
005 20210131231545.0
008 191001s2014||||ag |||||||||||||||||spa d
020 _a9789871855728
_c$8,76
040 _aAR-LpoUNG
_bspa
_cAR-LpoUNG
_eaacr
041 _aspa
044 _aag
082 0 _a982.063 182pol
100 1 _aGalván, Valeria
_ecomp.
245 1 0 _aPolítica y cultura durante el "Onganiato" :
_bnuevas perspectivas para la investigación de la presidencia de Juan Carlos Onganía : 1966-1970
250 _a1ra. ed.
260 _aRosario :
_bProhistoria,
_c2014.
300 _a197 p. :
_bil., tbls.
650 4 _aANALISIS HISTORICO
650 4 _aARGENTINA
650 4 _aCATOLICISMO
650 4 _aCOMUNISMO
650 4 _aCULTURA
650 4 _aDICTADURA
650 4 _aDOCTRINAS POLITICAS
650 4 _aGOBIERNO MILITAR
650 4 _aHISTORIA POLITICA
650 4 _aIDEOLOGIAS POLITICAS
650 4 _aJEFES DE ESTADO
650 4 _aLIBERALISMO
650 4 _aPODER POLITICO
650 4 _aPOLITICA EDUCATIVA
650 4 _aPOLITICA SOCIAL
650 4 _aREFORMA DE LA EDUCACION
650 4 _aRELIGION
650 4 _aSEGURIDAD SOCIAL
650 4 _aSOCIEDAD
651 4 _aArgentina
653 _aONGANIA, JUAN CARLOS
653 _aREVOLUCION LIBERTADORA
700 1 _aOsuna, María Florencia
_ecomp.
905 _a53102
942 _cLIB
999 _c10731
_d10731